000 00667cam a22002413a 4500
001 22818
003 PGUSA
005 20140828083503.0
008 070930s2007||||xxu|||||s|||||000 p eng d
040 _aPGUSA
_beng
042 _adc
050 4 _aPS
100 1 _aHerford, Oliver,
_d1863-1935
245 1 3 _aAn Alphabet of Celebrities
_h[electronic resource] /
_cOliver Herford
260 _bProject Gutenberg,
_c2007
506 _aPublic domain in the USA.
516 _aElectronic text
653 _aCelebrities -- Poetry
653 _aNonsense verses
830 0 _aProject Gutenberg
_v22818
856 4 0 _uhttp://www.gutenberg.org/ebooks/22818
942 _cEB
999 _c252073
_d252073